000 00288nam a2200085Ia 4500
008 220120s9999||||xx |||||||||||||| ||und||
100 _aPravardan.M.R. & Veeresh.G.M
_912198
245 0 _aVehicle overspeed control and tickiling system
260 _aCoorg Institute of Technology
_bPonnampet
_c2009
999 _c137784
_d137784